LIBRARY & INFORMATION CENTRE, KCAET, TAVANUR

ONLINE PUBLIC ACCESS CATALOGUE (OPAC)

Fifteenth congress on irrigation and drainage,The Hague ,Netherlands vol-1-G | Special Session / Symbosium (Record no. 19415)

MARC details
000 -LEADER
fixed length control field 00436nam a22001457a 4500
003 - CONTROL NUMBER IDENTIFIER
control field OSt
008 - FIXED-LENGTH DATA ELEMENTS--GENERAL INFORMATION
fixed length control field 250220b |||||||| |||| 00| 0 eng d
041 ## - LANGUAGE CODE
Language code of text/sound track or separate title eng
082 ## - DEWEY DECIMAL CLASSIFICATION NUMBER
Classification number 028.7463
100 ## - MAIN ENTRY--AUTHOR NAME
Personal name ICID
245 ## - TITLE STATEMENT
Title Fifteenth congress on irrigation and drainage,The Hague ,Netherlands vol-1-G
Remainder of title Special Session / Symbosium
260 ## - PUBLICATION, DISTRIBUTION, ETC. (IMPRINT)
Place of publication Hague, Netherland:
Name of publisher ICID and CIID,
Year of publication 1993.
700 ## - ADDED ENTRY--PERSONAL NAME
Personal name Greydanus, HW; ed.
942 ## - ADDED ENTRY ELEMENTS (KOHA)
Koha item type Books
Holdings
Withdrawn status Lost status Damaged status Home library Current library Date acquired Source of acquisition Cost, normal purchase price Full call number Accession Number Koha item type
      KAUAET KAUAET 20/02/2025 ICID 3800.00 028.7463 20278 Books
free website counter